| 000 | 00400nam a2200169Ia 4500 | ||
|---|---|---|---|
| 008 | 230524s9999 xx 000 0 und d | ||
| 020 | _a8121916437 | ||
| 082 |
_a620.1 _bKHU |
||
| 100 | _aR.S.Khurmi | ||
| 245 | 2 | _aA Text Book of Applied Mechanics | |
| 250 | _a22TH | ||
| 260 |
_aNEW DELHI _bS.Chand _c2004 |
||
| 300 | _aIV;346 | ||
| 500 | _aQuantity Number: 2 | ||
| 650 | _aMechanics | ||
| 942 | _cBK | ||
| 999 |
_c770 _d770 |
||